|
|
|
|
| LEADER |
01320nam a2200349 a 4500 |
| 001 |
000464272 |
| 003 |
CZ BrMZK |
| 005 |
20161122145023.0 |
| 007 |
ta |
| 008 |
010907s1980 xr a a f cze d |
| 040 |
|
|
|a BOA001
|c ze
|d BOA001
|
| 072 |
|
7 |
|a 821.162.3-3
|x Česká próza
|2 Konspekt
|9 25
|
| 072 |
|
7 |
|a 821-93
|x Literatura pro děti a mládež (beletrie)
|2 Konspekt
|9 26
|
| 080 |
|
|
|a 821.162.3-34
|2 MRF
|
| 080 |
|
|
|a 821-93
|2 MRF
|
| 080 |
|
|
|a (0:82-34)
|2 MRF
|
| 100 |
1 |
|
|a Kincl, Jaromír,
|d 1930-2019
|7 jn19990209346
|4 aut
|
| 245 |
1 |
0 |
|a Povídačky pro prvňáčky /
|c naps. Jaromír Kincl ; il. Václav Stárek
|
| 250 |
|
|
|a 1. vyd.
|
| 260 |
|
|
|a Praha :
|b Panorama,
|c 1980
|
| 300 |
|
|
|a [34] s. :
|b il.
|
| 490 |
1 |
|
|a Ilustrované sešity ;
|v Čís. 62
|
| 655 |
|
7 |
|a české pohádky
|7 fd133970
|2 czenas
|
| 655 |
|
7 |
|a publikace pro děti
|7 fd133156
|2 czenas
|
| 655 |
|
9 |
|a Czech fairy tales
|2 eczenas
|
| 655 |
|
9 |
|a children's literature
|2 eczenas
|
| 700 |
1 |
|
|a Stárek, Václav,
|d 1932-
|7 xx0010045
|4 ill
|
| 830 |
|
0 |
|a Ilustrované sešity (Panorama)
|0 s
|
| 910 |
|
|
|a BOA001
|b PK-0088.001
|b X-0828.334
|
| 990 |
|
|
|a BK
|
| 996 |
6 |
|
|b 2619178431
|c X-0828.334
|l MZK
|r Sklad / do 24 hodin
|n 0
|w 000464272
|u 000020
|a 1
|e BOA001
|j MZK50
|s P
|
| 996 |
7 |
|
|b 3119834865
|c PK-0088.001
|l MZK
|r Sklad / do 1 hodiny
|n 2
|w 000464272
|u 000010
|a 1
|e BOA001
|j MZK50
|s A
|